000 00251nam a2200097Ia 4500
001 850850
005 20250826174445.0
008 250824s9999 xx 000 0 und d
245 0 _aBİR AVUÇ ATEŞ
_cHASAN NAİL CANAT
260 _bGENÇ TİMAŞ YAYINLARI
999 _c850850
_d850850